Colonial discourse and post-colonial theory : a reader = Discurso colonial y teoria post-colonial: un lector /

Guardado en:
Bibliografiske detaljer
Autores principales: Williams, Patrick, 1951-, Chrisman, Laura
Format: Ukendt
Sprog:English
Udgivet: New York : Columbia University Press, 1994.
Fag:
Tags: Tilføj Tag
Ingen Tags, Vær først til at tagge denne postø!

MARC

LEADER 000000000a22000000004500
001 011100
020 |a 0231100205 
041 0 |a eng 
082 0 4 |a 325.3   |b W743c 
100 1 |a Williams, Patrick,   |d 1951- 
100 1 |a Chrisman, Laura 
245 1 0 |a Colonial discourse and post-colonial theory :   |b a reader = Discurso colonial y teoria post-colonial: un lector /   |c Patrick Williams, Laura Chrisman. 
246 3 1 |a Discurso colonial y teoria post-colonial: un lector 
260 1 |a New York :   |b Columbia University Press,   |c 1994. 
300 |a 570 páginas 
650 4 |a COLONIAS 
650 4 |a DESCOLONIZACION 
650 4 |a POSTCOLONIALISMO 
999 |c 16413  |d 16413 
942 |c BK  |h 325.3 W743c  |2 z